000 00444nam a2200157 a 4500
001 000042671
005 20201002040321.0
008 140204s2004 sp a 000 0 spa d
020 _a8483240335
040 _aDO-SdBNP
_bspa
_cBNPHU
082 _axxxxx
_bxxxxxx
100 1 _aBorau, José Luis
_969965
245 1 0 _aPremio Luis Buñuel /
_cJosé Luis Borau.
260 _aMallorca, España, :
_bIbercaja,
_cs.f.
300 _a48 p. :
_bil. ;
_c25 cm.
999 _c42160
_d42160